[Event "Xtracon Chess Open 2016"]
[Site "Elsinore"]
[Date "2016.07.27"]
[Round "6.46"]
[White "Skovgaard, Ib"]
[Black "Ranaldi, Lucas"]
[Result "1/2-1/2"]
[WhiteElo "1972"]
[BlackElo "2228"]
[PlyCount "89"]
[EventDate "2016.07.23"]

1. e4 c5 2. Nf3 Nc6 3. d4 cxd4 4. Nxd4 g6 5. Bb5 Bg7 6. Be3 Nf6 7. f3 O-O 8.
Nc3 Ne5 9. O-O d5 10. exd5 Nxd5 11. Nxd5 Qxd5 12. Qe2 Ng4 13. c4 Qd6 14. fxg4
Bxd4 15. Rad1 Bxe3+ 16. Qxe3 Qe6 17. Qd4 Qxg4 18. Rf4 Qh5 19. Re1 Be6 20. Bd7
Bxd7 21. Qxd7 Qc5+ 22. Qd4 Qb4 23. Ref1 Rad8 24. Qe5 Rd2 25. b3 Qd6 26. Qxd6
Rxd6 27. c5 Rc6 28. Rb4 b6 29. cxb6 axb6 30. a4 e5 31. Rd1 Re8 32. g4 Kg7 33.
Kf2 Rc2+ 34. Ke3 Re6 35. h4 Rh2 36. g5 Rh3+ 37. Ke2 e4 38. a5 bxa5 39. Rb8 Re7
40. Rdd8 f5 41. Rh8 Rxh4 42. Rbf8 Rh2+ 43. Kf1 h5 44. Rhg8+ Kh7 45. Rh8+
1/2-1/2

[Event "Xtracon Chess Open 2016"]
[Site "Elsinore"]
[Date "2016.07.27"]
[Round "6.47"]
[White "Kristiansen, Jens"]
[Black "Pallesen, Jacob"]
[Result "1-0"]
[WhiteElo "2410"]
[BlackElo "2026"]
[PlyCount "73"]
[EventDate "2016.07.23"]

1. d4 Nf6 2. c4 e6 3. Nc3 Bb4 4. e3 O-O 5. Bd3 d5 6. Nf3 c5 7. O-O Nc6 8. a3
cxd4 9. exd4 Bxc3 10. bxc3 dxc4 11. Bxc4 Qa5 12. Bb2 b6 13. Qe2 Qh5 14. Qe3 Bb7
15. Be2 Ng4 16. Qf4 Nf6 17. c4 Na5 18. Rad1 Rac8 19. d5 Qg4 20. Qxg4 Nxg4 21.
h3 Nf6 22. dxe6 fxe6 23. Ne5 Ba6 24. Nd7 Nxd7 25. Rxd7 Rf7 26. Rfd1 Bxc4 27.
Bf3 Bb5 28. R7d4 Rc2 29. Rd8+ Rf8 30. Be5 Rxd8 31. Rxd8+ Kf7 32. Ra8 Nc6 33.
Bxc6 Bxc6 34. Rxa7+ Kg6 35. g4 h5 36. Rxg7+ Kh6 37. g5# 1-0

[Event "Xtracon Chess Open 2016"]
[Site "Elsinore"]
[Date "2016.07.27"]
[Round "6.48"]
[White "Risting, Eivind Olav"]
[Black "Stray, Gunnar"]
[Result "1-0"]
[WhiteElo "2376"]
[BlackElo "2074"]
[PlyCount "89"]
[EventDate "2016.07.23"]

1. e4 c5 2. Nf3 e6 3. d4 cxd4 4. Nxd4 a6 5. Nc3 Qc7 6. Bd3 Nc6 7. Nxc6 dxc6 8.
O-O e5 9. f4 Bd6 10. f5 Bc5+ 11. Kh1 h5 12. a4 a5 13. Bg5 Be7 14. Be3 Nf6 15.
h3 b6 16. Qe1 Bb7 17. Qf2 Nd7 18. Bc4 Bc5 19. Bxc5 Nxc5 20. Qg3 Kf8 21. Rad1
Rh6 22. Rd2 Rd8 23. Rxd8+ Qxd8 24. Qxe5 Rd6 25. Qf4 Rd4 26. f6 Qxf6 27. Qb8+
Rd8 28. Rxf6 Rxb8 29. Rxf7+ Ke8 30. Rxg7 Rd8 31. Bf7+ Ke7 32. Bxh5+ Kf6 33.
Rg6+ Ke5 34. Rg5+ Kf4 35. Rf5+ Ke3 36. Kg1 Ba6 37. Rf2 Ne6 38. Bf3 Rg8 39. Nd1+
Kd4 40. Rd2+ Ke5 41. Kf2 b5 42. axb5 Bxb5 43. Ke3 Nf4 44. Nf2 Rf8 45. Nd3+ 1-0

[Event "Xtracon Chess Open 2016"]
[Site "Elsinore"]
[Date "2016.07.27"]
[Round "6.49"]
[White "Brondum, Eric"]
[Black "Dauth, Benjamin"]
[Result "0-1"]
[WhiteElo "2068"]
[BlackElo "2367"]
[PlyCount "108"]
[EventDate "2016.07.23"]

1. d4 d5 2. Nf3 Nf6 3. Bf4 e6 4. e3 Bd6 5. c3 c5 6. Bxd6 Qxd6 7. Nbd2 Nc6 8.
Bd3 O-O 9. O-O e5 10. dxe5 Nxe5 11. Nxe5 Qxe5 12. Qf3 Be6 13. Rfe1 Rad8 14. Qg3
Qxg3 15. hxg3 Ng4 16. Nf3 b6 17. a3 h6 18. b4 Rc8 19. Rec1 Rc7 20. Be2 Nf6 21.
Nd2 Rfc8 22. Ba6 Rd8 23. Be2 Kf8 24. a4 Ke7 25. a5 bxa5 26. b5 Rb8 27. Rxa5 c4
28. Rca1 Bd7 29. Rxa7 Rxa7 30. Rxa7 Rxb5 31. Kf1 Rb2 32. Ke1 Rc2 33. Ra3 Rc1+
34. Bd1 Bf5 35. Nf3 Ne4 36. Nd4 Bg6 37. Ne2 Rb1 38. Ra5 Kd6 39. Ra6+ Kc7 40.
Ra5 Kc6 41. Ra6+ Kb7 42. Ra5 Nxf2 43. Kxf2 Rxd1 44. Rb5+ Kc6 45. Rb2 Kd6 46. g4
Ke5 47. Rb7 Rd2 48. Ke1 Rc2 49. Re7+ Kf6 50. Ra7 Be4 51. Ra6+ Kg5 52. Ra7 Kxg4
53. Rxf7 g5 54. Rf6 h5 0-1

[Event "Xtracon Chess Open 2016"]
[Site "Elsinore"]
[Date "2016.07.27"]
[Round "6.50"]
[White "Flick, Antoine"]
[Black "Roder, Peter"]
[Result "1/2-1/2"]
[WhiteElo "2318"]
[BlackElo "2056"]
[PlyCount "82"]
[EventDate "2016.07.23"]

1. d4 Nf6 2. Nf3 c5 3. d5 b5 4. Bg5 Ne4 5. Bf4 d6 6. e3 a6 7. Nbd2 Nf6 8. e4 g6
9. a4 b4 10. Bd3 Bg7 11. Nc4 O-O 12. O-O a5 13. Qe2 Ba6 14. Nfd2 Nbd7 15. Rad1
Bxc4 16. Nxc4 Nh5 17. Bc1 Ne5 18. Nxe5 Bxe5 19. f4 Bd4+ 20. Kh1 Bg7 21. e5 Bh8
22. Bb5 Ng7 23. c3 Ne8 24. Rf3 Qc7 25. Re1 Ra7 26. Rh3 Ng7 27. Qf2 f5 28. Qh4
Nh5 29. Be2 Rf7 30. Bxh5 gxh5 31. Rg3+ Rg7 32. Rxg7+ Bxg7 33. Qxh5 Qd7 34. e6
Qxa4 35. Qf7+ Kh8 36. b3 Qb5 37. c4 Qb8 38. Qxf5 a4 39. Qb1 a3 40. Re2 Qa8 41.
Ra2 Qf8 1/2-1/2

[Event "Xtracon Chess Open 2016"]
[Site "Elsinore"]
[Date "2016.07.27"]
[Round "6.51"]
[White "Nielsen, Hogni Egilstoft"]
[Black "Svane, Frederik"]
[Result "1/2-1/2"]
[WhiteElo "2301"]
[BlackElo "2044"]
[PlyCount "79"]
[EventDate "2016.07.23"]

1. e4 c5 2. Nf3 e6 3. c3 d5 4. exd5 Qxd5 5. d4 Nf6 6. Be2 cxd4 7. cxd4 Bb4+ 8.
Nc3 O-O 9. O-O Bxc3 10. bxc3 Nc6 11. Re1 b5 12. Nd2 Bb7 13. Bf3 Qd6 14. Nb3 Nd5
15. Qd3 a6 16. a4 Rab8 17. Nc5 b4 18. c4 Nde7 19. Bb2 Rfd8 20. Rad1 Ng6 21.
Nxb7 Rxb7 22. c5 Qc7 23. Qxa6 Nge7 24. d5 exd5 25. Bxd5 Nxd5 26. Rxd5 Rbb8 27.
Qc4 Ne7 28. Qd4 f6 29. Rd6 Kh8 30. h3 h6 31. Qe4 Ng8 32. Red1 Re8 33. Qd5 Re7
34. c6 Rbe8 35. g3 Qa7 36. Kg2 Qxa4 37. Rd7 Qc2 38. Rd2 Qa4 39. Qd6 Re6 40. Qd5
1/2-1/2

[Event "Xtracon Chess Open 2016"]
[Site "Elsinore"]
[Date "2016.07.27"]
[Round "6.52"]
[White "Veng, Johnny"]
[Black "Meurman, Arne"]
[Result "1-0"]
[WhiteElo "2280"]
[BlackElo "2035"]
[PlyCount "125"]
[EventDate "2016.07.23"]

1. g3 Nf6 2. Bg2 d5 3. Nf3 g6 4. c4 c6 5. Qb3 Qb6 6. d4 Be6 7. c5 Qxb3 8. axb3
Bg7 9. b4 O-O 10. Nc3 Na6 11. b5 Nb4 12. Ra4 a5 13. bxa6 Nxa6 14. Bf4 Nh5 15.
Be3 Nc7 16. Rb4 Ra7 17. h3 h6 18. g4 Nf6 19. Bf4 Na6 20. Ra4 Ne4 21. O-O f6 22.
Rfa1 Nxc3 23. bxc3 Re8 24. e3 Bf7 25. Bf1 e5 26. Bg3 Re7 27. Bxa6 Rxa6 28. Rxa6
bxa6 29. Rxa6 Be8 30. h4 e4 31. Nd2 Rb7 32. c4 Rb2 33. cxd5 cxd5 34. Nf1 Rc2
35. Rd6 Bb5 36. Kg2 Rc1 37. Nh2 Kf7 38. Rxd5 Bf8 39. Rd8 Be7 40. Ra8 Rd1 41.
Rb8 Ba4 42. Rb4 Be8 43. Rb7 Ke6 44. Rb6+ Kd5 45. Bd6 Ke6 46. Bf4+ Kf7 47. Rb7
Ke6 48. Bxh6 g5 49. hxg5 fxg5 50. Bg7 Ba4 51. Rb6+ Kf7 52. Be5 Rc1 53. Rh6 Bb5
54. Bd6 Bf6 55. Rh7+ Ke6 56. Rb7 Ba4 57. Rb6 Kf7 58. Bg3 Be7 59. Be5 Rc2 60.
Nf1 Rc1 61. Ng3 Bd1 62. Nxe4 Bxg4 63. Bf6 1-0

[Event "Xtracon Chess Open 2016"]
[Site "Elsinore"]
[Date "2016.07.27"]
[Round "6.53"]
[White "Lercel, Michal"]
[Black "Weber, Samuel"]
[Result "1-0"]
[WhiteElo "2265"]
[BlackElo "2031"]
[PlyCount "79"]
[EventDate "2016.07.23"]

1. Nf3 d5 2. c4 e6 3. b3 c5 4. g3 Nc6 5. Bg2 Nf6 6. O-O d4 7. e3 Qc7 8. exd4
cxd4 9. d3 Be7 10. Na3 a6 11. Nc2 e5 12. b4 O-O 13. Re1 Re8 14. Rb1 Bd6 15. Bg5
Bf5 16. Bxf6 gxf6 17. Nh4 Bg6 18. Qf3 Qd8 19. b5 axb5 20. cxb5 e4 21. dxe4 Ne5
22. Qb3 d3 23. Ne3 Bc5 24. Nxg6 hxg6 25. Nd5 Qd6 26. a4 Kg7 27. Rb2 Rh8 28. Rd1
Rxh2 29. Nf4 Rah8 30. Nxd3 Nf3+ 31. Kf1 Bd4 32. Bxf3 Qd7 33. Nf4 g5 34. Rbd2
gxf4 35. g4 R8h3 36. Rxd4 Qe8 37. Ke2 Qh8 38. Rd7 Rxf2+ 39. Kxf2 Rh2+ 40. Kg1
1-0

[Event "Xtracon Chess Open 2016"]
[Site "Elsinore"]
[Date "2016.07.27"]
[Round "6.54"]
[White "Schmidt, Kristen"]
[Black "Skou, Niels"]
[Result "1-0"]
[WhiteElo "2241"]
[BlackElo "2011"]
[PlyCount "105"]
[EventDate "2016.07.23"]

1. e4 e5 2. Nf3 Nc6 3. Bb5 a6 4. Ba4 Nf6 5. O-O b5 6. Bb3 Be7 7. Re1 d6 8. c3
O-O 9. d4 Bg4 10. d5 Na5 11. Bc2 Qc8 12. h3 Bd7 13. Nbd2 c6 14. b4 Nb7 15. dxc6
Qxc6 16. Bb2 Nd8 17. Rc1 Ne6 18. Bd3 Rac8 19. c4 Qb7 20. a3 Rfe8 21. Qb3 Nf4
22. Bf1 h6 23. c5 Ng6 24. Qe3 Bc6 25. Bd3 Nd7 26. cxd6 Bxd6 27. Nb3 Qb6 28. Nc5
Rb8 29. Bb1 Qa7 30. Red1 Bxc5 31. bxc5 b4 32. Rd6 bxa3 33. Bxa3 Qc7 34. Ba2 Nf4
35. Kh2 Nf6 36. Nd2 Qc8 37. f3 Bd7 38. Bc4 Bc6 39. Nf1 Re7 40. Ng3 Ne8 41. Nf5
Ra7 42. Rd2 Bb5 43. Ba2 Rc7 44. c6 Ng6 45. Nxh6+ gxh6 46. Qxh6 Rxc6 47. Rxc6
Qxc6 48. Rd6 Nxd6 49. Qxg6+ Kh8 50. Qh6+ Kg8 51. Bxd6 Rb7 52. Qg6+ Kh8 53.
Bxe5+ 1-0

[Event "Xtracon Chess Open 2016"]
[Site "Elsinore"]
[Date "2016.07.27"]
[Round "6.55"]
[White "Roe, Simon J"]
[Black "Jessen, Alexander"]
[Result "0-1"]
[WhiteElo "2238"]
[BlackElo "2014"]
[PlyCount "62"]
[EventDate "2016.07.23"]

1. Nf3 d5 2. c4 c6 3. e3 e6 4. Nc3 Bd6 5. Qc2 f5 6. b3 Nf6 7. Bb2 O-O 8. Be2
Qe7 9. h3 Ne4 10. g4 Nxc3 11. Qxc3 f4 12. O-O-O Nd7 13. d4 Nf6 14. Bd3 Bd7 15.
Qc2 Be8 16. Ng5 h6 17. Nh7 Nxh7 18. Bxh7+ Kh8 19. h4 e5 20. Bf5 e4 21. exf4
Bxf4+ 22. Kb1 g6 23. Bc1 Bxc1 24. Qxc1 Kh7 25. g5 Rxf5 26. gxh6 Bd7 27. Rdg1
Rg8 28. Rg5 Rxg5 29. hxg5 Rf8 30. cxd5 cxd5 31. Qc7 Rxf2 0-1

[Event "Xtracon Chess Open 2016"]
[Site "Elsinore"]
[Date "2016.07.27"]
[Round "6.56"]
[White "Brondt, Nicolai Kvist"]
[Black "Higgs, Joshua"]
[Result "1-0"]
[WhiteElo "2231"]
[BlackElo "2003"]
[PlyCount "103"]
[EventDate "2016.07.23"]

1. d4 Nf6 2. c4 e6 3. g3 d5 4. Nf3 Be7 5. Bg2 O-O 6. O-O dxc4 7. Qc2 a6 8. a4
c5 9. Rd1 Nc6 10. Na3 cxd4 11. Nxc4 Nd5 12. Bd2 Bf6 13. Qe4 Nb6 14. Nfe5 Nxe5
15. Nxe5 Qd5 16. Ng4 Qxe4 17. Nxf6+ gxf6 18. Bxe4 f5 19. Bg2 Nc4 20. Bb4 Rd8
21. b3 Ne5 22. Be7 Rd7 23. Bf6 Nc6 24. Rac1 Rd6 25. Bxc6 bxc6 26. Bxd4 Bb7 27.
Bc5 Rd5 28. Bb6 Re8 29. f3 Re7 30. e4 fxe4 31. fxe4 Rxd1+ 32. Rxd1 c5 33. e5
Bd5 34. Bxc5 Rb7 35. b4 Kg7 36. Kf2 Rc7 37. Rc1 Kg6 38. Ke3 Bb3 39. b5 axb5 40.
axb5 Rb7 41. b6 f6 42. Kd4 f5 43. Rb1 Bd5 44. Bd6 Kg5 45. Bc7 Kg4 46. Ke3 h5
47. Rb4+ Kg5 48. Rd4 Kg6 49. Rxd5 exd5 50. Kd4 h4 51. Kxd5 hxg3 52. hxg3 1-0

[Event "Xtracon Chess Open 2016"]
[Site "Elsinore"]
[Date "2016.07.27"]
[Round "6.57"]
[White "Machlik, Monika"]
[Black "Jorgensen, Dennis"]
[Result "1/2-1/2"]
[WhiteElo "2045"]
[BlackElo "2215"]
[PlyCount "96"]
[EventDate "2016.07.23"]

1. d4 d5 2. c4 c6 3. Nc3 Nf6 4. e3 g6 5. Nf3 Bg7 6. Be2 O-O 7. O-O a6 8. Bd2
Ne4 9. cxd5 cxd5 10. Qb3 Nc6 11. Rfc1 Nxd2 12. Nxd2 e6 13. Na4 e5 14. Nb6 Rb8
15. Nxc8 Qxc8 16. dxe5 Bxe5 17. Nf3 Bg7 18. Rc5 Qe6 19. Rd1 Ne7 20. Nd4 Qd6 21.
Rdc1 Rfd8 22. Bf3 Bxd4 23. exd4 Qf4 24. Rd1 b6 25. Rc2 Rd6 26. g3 Qf6 27. Kg2
Rbd8 28. Qd3 a5 29. a3 h5 30. h4 Nf5 31. Re2 Re6 32. Re5 Rxe5 33. dxe5 Qxe5 34.
Bxd5 Kg7 35. Qc3 Qxc3 36. bxc3 Kf6 37. c4 Ne7 38. Rb1 Nxd5 39. cxd5 Rd6 40. f4
Kf5 41. a4 Ke4 42. Rb5 f6 43. Kh3 Kd4 44. Kg2 Kc4 45. Kh3 Kd4 46. Kg2 Ke4 47.
Kh3 Kf5 48. Rb1 Ke4 1/2-1/2

[Event "Xtracon Chess Open 2016"]
[Site "Elsinore"]
[Date "2016.07.27"]
[Round "6.58"]
[White "Stake Larsen, Gunnar"]
[Black "Akdag, Dara Sevkan"]
[Result "0-1"]
[WhiteElo "2034"]
[BlackElo "2213"]
[PlyCount "100"]
[EventDate "2016.07.23"]

1. d4 Nf6 2. c4 c5 3. Nf3 cxd4 4. Nxd4 e5 5. Nc2 d5 6. cxd5 Qxd5 7. Qxd5 Nxd5
8. e4 Nf4 9. Nc3 a6 10. g3 Ne6 11. Be3 Be7 12. Nd5 Bd8 13. Bb6 Nc6 14. Bxd8
Ncxd8 15. Nb6 Rb8 16. Nb4 Nd4 17. Nxc8 Rxc8 18. Bd3 N8e6 19. O-O Nc5 20. Rfd1
Ke7 21. Kg2 a5 22. Nd5+ Ke6 23. Nc3 Nxd3 24. Rxd3 b5 25. Rd2 b4 26. Nd5 Rc6 27.
Rad1 Rb8 28. f4 f6 29. fxe5 fxe5 30. Ne3 a4 31. Ng4 b3 32. a3 Rc2 33. Ne3 Rxd2+
34. Rxd2 Rc8 35. Kf2 Rc2 36. Nf1 Kd6 37. Ke3 Rc1 38. Rf2 Kc5 39. Kd3 Rc2 40.
Rd2 Rc1 41. Ne3 Rh1 42. Rf2 g5 43. Ng4 Nc6 44. Nf6 h6 45. Nd5 Rd1+ 46. Ke3 Na5
47. Nc3 Nc4+ 48. Kf3 Rd3+ 49. Ke2 Rxc3 50. bxc3 b2 0-1

[Event "Xtracon Chess Open 2016"]
[Site "Elsinore"]
[Date "2016.07.27"]
[Round "6.59"]
[White "Jacobsen, Fredrik Beer"]
[Black "Solberg, Joachim"]
[Result "1/2-1/2"]
[WhiteElo "2028"]
[BlackElo "2211"]
[PlyCount "44"]
[EventDate "2016.07.23"]

1. e4 c5 2. Nc3 a6 3. a4 e6 4. g3 d5 5. exd5 exd5 6. Bg2 Nf6 7. d3 d4 8. Ne4
Nxe4 9. dxe4 Nc6 10. Ne2 Bd6 11. O-O O-O 12. c3 Qb6 13. b4 Rd8 14. Bg5 f6 15.
bxc5 Bxc5 16. Rb1 Qc7 17. cxd4 Nxd4 18. Nxd4 Bxd4 19. Qb3+ Qf7 20. Qxf7+ Kxf7
21. Bf4 g5 22. Bc7 Rd7 1/2-1/2

[Event "Xtracon Chess Open 2016"]
[Site "Elsinore"]
[Date "2016.07.27"]
[Round "6.60"]
[White "Christensen, Casper"]
[Black "Thogersen, Rasmus"]
[Result "0-1"]
[WhiteElo "2012"]
[BlackElo "2205"]
[PlyCount "96"]
[EventDate "2016.07.23"]

1. e4 c5 2. Nf3 d6 3. g3 Nc6 4. Bg2 Nf6 5. d3 g6 6. O-O Bg7 7. Re1 O-O 8. Nbd2
e5 9. Nc4 h6 10. h3 Re8 11. Be3 b6 12. Qc1 Kh7 13. Nh2 d5 14. exd5 Nxd5 15. f4
exf4 16. Bxf4 Rxe1+ 17. Qxe1 Nxf4 18. Bxc6 Nxh3+ 19. Kh1 Be6 20. Nf3 Rc8 21.
Be4 f5 22. Bb7 Bd5 23. Bxd5 Qxd5 24. Kh2 Qxf3 25. Kxh3 f4 26. Nd2 Qxg3+ 27.
Qxg3 fxg3 28. Nc4 Re8 29. Kxg3 b5 30. Nd2 Re2 31. Rd1 Bxb2 32. Kf3 Rh2 33. c4
a6 34. Ke4 Rh4+ 35. Kf3 h5 36. Ne4 Bd4 37. Kg3 Rg4+ 38. Kf3 g5 39. cxb5 axb5
40. Rc1 Rf4+ 41. Kg2 Kg6 42. Nxc5 Rf2+ 43. Kg3 h4+ 44. Kg4 Rf4+ 45. Kh3 g4+ 46.
Kh2 Rf2+ 47. Kh1 g3 48. Nb3 Rh2# 0-1

[Event "Xtracon Chess Open 2016"]
[Site "Elsinore"]
[Date "2016.07.27"]
[Round "6.61"]
[White "Kristensen, Kjell Ole"]
[Black "Rewitz, Poul"]
[Result "0-1"]
[WhiteElo "2006"]
[BlackElo "2202"]
[PlyCount "62"]
[EventDate "2016.07.23"]

1. e4 c6 2. d4 d5 3. e5 Nh6 4. Nf3 g6 5. c4 Bg7 6. Nc3 O-O 7. Qb3 dxc4 8. Bxc4
Nf5 9. Qd1 c5 10. d5 Nd4 11. Bf4 Bg4 12. Be2 Bxf3 13. Bxf3 Nd7 14. d6 Nxf3+ 15.
Qxf3 Nxe5 16. Qg3 Nc6 17. O-O e5 18. Be3 Nd4 19. Bxd4 cxd4 20. Ne4 Kh8 21. f4
f5 22. fxe5 fxe4 23. e6 Rxf1+ 24. Rxf1 d3 25. Qf4 Qb6+ 26. Kh1 Qc6 27. Rc1 Rf8
28. Rxc6 Rxf4 29. Rc1 Kg8 30. g3 d2 31. Rd1 Rf2 0-1

[Event "Xtracon Chess Open 2016"]
[Site "Elsinore"]
[Date "2016.07.27"]
[Round "6.62"]
[White "Walton, Alan J"]
[Black "Schmitt, Carsten"]
[Result "1-0"]
[WhiteElo "2201"]
[BlackElo "2008"]
[PlyCount "97"]
[EventDate "2016.07.23"]

1. d4 d5 2. c4 e6 3. Nc3 c5 4. cxd5 exd5 5. Nf3 Nc6 6. g3 Nf6 7. Bg2 Be7 8. O-O
O-O 9. Bg5 c4 10. Ne5 Be6 11. b3 Qa5 12. Qd2 Rad8 13. Nxc6 bxc6 14. Rfd1 Qa6
15. Na4 Qb5 16. Bxf6 Bxf6 17. Nc5 Bf5 18. bxc4 dxc4 19. Qf4 Bc2 20. Rd2 Qb2 21.
Rf1 Rxd4 22. Ne4 Rfd8 23. Nxf6+ gxf6 24. Qxf6 R8d6 25. Qg5+ Kf8 26. Rxd4 Qxd4
27. e3 Qd2 28. Qe5 Bd1 29. Qh8+ Ke7 30. Qe5+ Kd7 31. Bh3+ Kc7 32. Qc5 Qxa2 33.
e4 f6 34. e5 fxe5 35. Qxe5 Qd2 36. Qc5 Qd4 37. Qa5+ Kb7 38. Qb4+ Kc7 39. Qa5+
Qb6 40. Qf5 Rd8 41. Qf7+ Kb8 42. Qxc4 Qb5 43. Qf4+ Kb7 44. Re1 Be2 45. Qe3 Rd1
46. Rxd1 Bxd1 47. Qe7+ Kb6 48. Qd8+ Kc5 49. Qxd1 1-0

[Event "Xtracon Chess Open 2016"]
[Site "Elsinore"]
[Date "2016.07.27"]
[Round "6.63"]
[White "Rossen, Claus"]
[Black "Jensen, Michael Agermose"]
[Result "1-0"]
[WhiteElo "2199"]
[BlackElo "2001"]
[PlyCount "117"]
[EventDate "2016.07.23"]

1. d4 g6 2. e4 Bg7 3. Nc3 d6 4. Be3 a6 5. a4 b6 6. Nf3 Nd7 7. Bc4 e6 8. Qd2 Bb7
9. O-O h6 10. d5 e5 11. Ne1 Ngf6 12. f3 Bc8 13. Nd3 Qe7 14. Nb4 Nb8 15. a5 b5
16. Bb3 Nh5 17. Ne2 g5 18. c4 bxc4 19. Ba4+ Bd7 20. Rfc1 O-O 21. Rxc4 Bb5 22.
Bxb5 axb5 23. Rc3 Na6 24. Nxa6 Rxa6 25. Rac1 Rc8 26. Bb6 c5 27. dxc6 Qf6 28. b4
Kh7 29. Qd3 Raa8 30. Qxb5 Nf4 31. Nxf4 exf4 32. Rd3 Qb2 33. Qc4 h5 34. Qc2 Qxb4
35. Rb1 Rxc6 36. Rxb4 Rxc2 37. Rxd6 Bf8 38. e5 Rac8 39. Rb1 Re2 40. Rd8 Rxd8
41. Bxd8 Rxe5 42. Bb6 Bc5+ 43. Bxc5 Rxc5 44. Ra1 Rc7 45. a6 Ra7 46. Kf1 Kg6 47.
Ke2 f5 48. Kd3 g4 49. Kd4 Kg5 50. Kc5 Kh4 51. Kb6 Ra8 52. Kb7 Rf8 53. a7 gxf3
54. gxf3 Kh3 55. Ra2 Rf7+ 56. Kb6 Rxa7 57. Kxa7 h4 58. Ra4 Kxh2 59. Rxf4 1-0

[Event "Xtracon Chess Open 2016"]
[Site "Elsinore"]
[Date "2016.07.27"]
[Round "6.64"]
[White "Krokay, Urszula"]
[Black "Wilbrandt, Simon Pil"]
[Result "0-1"]
[WhiteElo "2003"]
[BlackElo "2190"]
[PlyCount "136"]
[EventDate "2016.07.23"]

1. Nf3 d5 2. c4 d4 3. e3 c5 4. b4 dxe3 5. fxe3 cxb4 6. d4 e6 7. Bd3 Nf6 8. O-O
Nc6 9. Bb2 Be7 10. Qe2 O-O 11. Nbd2 Qa5 12. e4 Bd7 13. d5 Qb6+ 14. Kh1 Na5 15.
e5 Nh5 16. Nd4 g6 17. d6 Bg5 18. Ne4 Qd8 19. Nxg5 Qxg5 20. Nf3 Qg4 21. Nd2 Qh4
22. Qf2 Qxf2 23. Rxf2 Rac8 24. Rc1 Bc6 25. Rcf1 b6 26. Kg1 Nb7 27. g4 Ng7 28.
Be4 Nc5 29. Bxc6 Rxc6 30. Bd4 Nd7 31. Rf3 Ne8 32. Ba1 Rc5 33. Re3 Ra5 34. Ne4
Rxa2 35. Bd4 Rc2 36. Ng5 Rxc4 37. Rd3 a5 38. h3 a4 39. Ba1 h6 40. Nf3 Rc5 41.
Nd2 b5 42. Rf4 Rc1+ 43. Rf1 Rxf1+ 44. Kxf1 f6 45. exf6 Nexf6 46. Ke2 Nd5 47.
Kd1 Rf4 48. Kc2 Kf7 49. Nf3 Re4 50. Nd4 e5 51. Nxb5 Ke6 52. Kd2 Rc4 53. g5 h5
54. Rf3 Rc5 55. Nc7+ Nxc7 56. dxc7 Rxc7 57. Kd1 Rc4 58. Kd2 Rf4 59. Re3 Rf2+
60. Kd3 Ra2 61. Re1 Kd5 62. Rd1 Ra3+ 63. Kc2+ Ke6 64. Rb1 Nc5 65. Re1 e4 66.
Bd4 Kd5 67. Bxc5 Rc3+ 68. Kb2 Rxc5 0-1

[Event "Xtracon Chess Open 2016"]
[Site "Elsinore"]
[Date "2016.07.27"]
[Round "6.65"]
[White "Kyrkjebo, Hanna Bakken"]
[Black "Ivarsson, Torbjorn"]
[Result "0-1"]
[WhiteElo "1987"]
[BlackElo "2180"]
[PlyCount "182"]
[EventDate "2016.07.23"]

1. e4 e6 2. d3 c5 3. g3 Nc6 4. Bg2 g6 5. Nc3 Bg7 6. Be3 d6 7. Qd2 Nd4 8. Nge2
Ne7 9. O-O O-O 10. Nc1 Bd7 11. Nd1 f5 12. c3 Ndc6 13. Bh6 Rb8 14. Bxg7 Kxg7 15.
Ne2 b5 16. Ne3 Ne5 17. f4 Nf7 18. d4 Qc7 19. Rad1 Rfd8 20. Rfe1 Qb6 21. Kh1 Bc6
22. d5 exd5 23. exd5 Bd7 24. c4 Ng8 25. b3 Nf6 26. Qc3 Re8 27. Ng1 bxc4 28.
Nxc4 Qb4 29. Qxb4 Rxb4 30. Rxe8 Bxe8 31. Re1 Bd7 32. Ne2 Bb5 33. Rc1 Ng4 34.
Kg1 Bxc4 35. Rxc4 Rxc4 36. bxc4 Ne3 37. Bf1 Nxc4 38. Nc3 Nb6 39. Kf2 Kf6 40.
Ke3 Ke7 41. Bg2 Nh6 42. h3 Ng8 43. Kd3 Nf6 44. Bf3 Ne8 45. g4 fxg4 46. hxg4 h6
47. Be4 Kf6 48. Ne2 Nc7 49. Nc3 g5 50. Ke3 Nc4+ 51. Kd3 Na3 52. Ke3 Nab5 53.
Nxb5 Nxb5 54. Bd3 Nc3 55. Bc4 Na4 56. Be2 Nb6 57. Bf3 Nc8 58. Ke4 gxf4 59. Kxf4
Ne7 60. Be4 Ng6+ 61. Kg3 Kg5 62. Bc2 Ne5 63. Bd1 Nd3 64. Bb3 Nf4 65. Bc4 h5 66.
gxh5 Nxh5+ 67. Kf3 Kf5 68. Ke3 Ke5 69. Kd3 Nf6 70. Bb3 Nxd5 71. Kc2 Kd4 72. Kd2
Ne3 73. Ba4 c4 74. Be8 Nd5 75. a3 Ne3 76. Bg6 Ng4 77. Kc2 Kc5 78. Kc3 d5 79.
Bh7 d4+ 80. Kd2 Nf6 81. Bg6 Nd5 82. Bh7 Nc3 83. Bg6 Nb5 84. a4 Nc3 85. a5 Kb4
86. Bf7 Ne4+ 87. Kc2 d3+ 88. Kd1 c3 89. Bh5 c2+ 90. Kc1 Kc3 91. Bg6 d2# 0-1

[Event "Xtracon Chess Open 2016"]
[Site "Elsinore"]
[Date "2016.07.27"]
[Round "6.66"]
[White "Christensen, Lasse"]
[Black "Svedberg, Hans"]
[Result "1-0"]
[WhiteElo "2162"]
[BlackElo "1985"]
[PlyCount "103"]
[EventDate "2016.07.23"]

1. d4 Nf6 2. c4 g6 3. Nc3 d5 4. Bg5 Ne4 5. Bf4 Nxc3 6. bxc3 dxc4 7. Qa4+ c6 8.
Qxc4 Bg7 9. Nf3 Nd7 10. e3 O-O 11. Be2 Qa5 12. O-O e5 13. Bg3 e4 14. Nd2 Re8
15. Qb3 Nb6 16. Qc2 Qa4 17. Bd1 Qxc2 18. Bxc2 f5 19. Bb3+ Be6 20. Bxe6+ Rxe6
21. Rab1 Rc8 22. c4 c5 23. d5 Ree8 24. Rb3 Re7 25. Rfb1 Rd7 26. h3 Ra8 27. Bf4
Bf6 28. g4 Kf7 29. a4 Nxa4 30. Rxb7 Rad8 31. R1b5 Bc3 32. Bc7 Nb6 33. Rxa7 Bxd2
34. Bxb6 f4 35. exf4 e3 36. Kf1 Rxa7 37. Bxa7 Re8 38. fxe3 Rxe3 39. Rxc5 Rxh3
40. Rc7+ Ke8 41. f5 gxf5 42. gxf5 Ba5 43. Kg2 Rh5 44. Rg7 Bc3 45. Rg3 Bf6 46.
Rf3 Rg5+ 47. Kf1 h5 48. Bf2 Rg4 49. Re3+ Kf7 50. c5 Rf4 51. c6 Bd8 52. d6 1-0

[Event "Xtracon Chess Open 2016"]
[Site "Elsinore"]
[Date "2016.07.27"]
[Round "6.67"]
[White "Christensen, Bo Garner"]
[Black "Taksrud, Vidar"]
[Result "1-0"]
[WhiteElo "2150"]
[BlackElo "1979"]
[PlyCount "61"]
[EventDate "2016.07.23"]

1. e4 d6 2. Nf3 Nf6 3. Nc3 Nbd7 4. Bc4 Ne5 5. Bb3 Bg4 6. Nxe5 dxe5 7. f3 Bh5 8.
d3 e6 9. Be3 Bb4 10. Qd2 Qe7 11. O-O-O c6 12. Kb1 Nd7 13. g4 Bg6 14. h4 f6 15.
h5 Bf7 16. g5 f5 17. g6 Bg8 18. Rdg1 f4 19. Bf2 hxg6 20. hxg6 Rxh1 21. Rxh1 Qf6
22. Rh8 Kf8 23. d4 Qxg6 24. a3 Bxc3 25. Qxc3 Kf7 26. d5 exd5 27. exd5 Ke7 28.
Qb4+ c5 29. Qxb7 Rb8 30. Bh4+ Kf8 31. Qxd7 1-0

[Event "Xtracon Chess Open 2016"]
[Site "Elsinore"]
[Date "2016.07.27"]
[Round "6.68"]
[White "Vesterli, Michael E"]
[Black "Mehringer, Joerg"]
[Result "1-0"]
[WhiteElo "2141"]
[BlackElo "1966"]
[PlyCount "81"]
[EventDate "2016.07.23"]

1. d4 f5 2. c4 Nf6 3. Nc3 d6 4. Nf3 g6 5. g3 Bg7 6. Bg2 O-O 7. O-O Qe8 8. d5
Na6 9. Rb1 Bd7 10. b4 c6 11. Be3 Nc7 12. Qd2 cxd5 13. cxd5 a6 14. Bb6 Rc8 15.
Rfc1 h6 16. Rc2 Qf7 17. Ne1 Na8 18. Bd4 Rc4 19. e3 Rfc8 20. a4 Qe8 21. b5 a5
22. Bf1 Ne4 23. Nxe4 Rxc2 24. Nxc2 fxe4 25. Bxg7 Kxg7 26. Na3 Qf7 27. b6 Rc5
28. Bb5 Nxb6 29. Qd4+ Kh7 30. Bxd7 Nxd7 31. Qxe4 Rxd5 32. Rxb7 Re5 33. Qc4 Qe8
34. Qc6 Nf6 35. Qxd6 Ng4 36. h3 Kg8 37. Qc7 Qxa4 38. hxg4 Qd1+ 39. Kh2 Qf3 40.
Rb8+ Kh7 41. Rh8+ 1-0

[Event "Xtracon Chess Open 2016"]
[Site "Elsinore"]
[Date "2016.07.27"]
[Round "6.69"]
[White "Klings, Peter"]
[Black "Nielsen, Morten"]
[Result "1-0"]
[WhiteElo "2133"]
[BlackElo "1965"]
[PlyCount "59"]
[EventDate "2016.07.23"]

1. Nf3 Nf6 2. c4 g6 3. Nc3 Bg7 4. d4 O-O 5. Bg5 h6 6. Bh4 c5 7. d5 Qa5 8. Nd2
d6 9. e3 Bd7 10. Bd3 Na6 11. O-O Nb4 12. Be2 g5 13. Bg3 Ne8 14. f4 f5 15. a3
Na6 16. Qc2 e5 17. dxe6 Bxe6 18. Bd3 g4 19. e4 Bd4+ 20. Kh1 Ng7 21. Nb5 fxe4
22. Bxe4 Nf5 23. Nb3 Qb6 24. N3xd4 cxd4 25. Bf2 Rac8 26. Qe2 Bxc4 27. Qxg4+ Kh8
28. Bxf5 Bxf1 29. Bxd4+ Qxd4 30. Nxd4 1-0

[Event "Xtracon Chess Open 2016"]
[Site "Elsinore"]
[Date "2016.07.27"]
[Round "6.70"]
[White "Aubert, Carsten"]
[Black "Heinis, Vincent"]
[Result "1/2-1/2"]
[WhiteElo "1977"]
[BlackElo "2131"]
[PlyCount "28"]
[EventDate "2016.07.23"]

1. d4 Nf6 2. c4 e6 3. Nc3 Bb4 4. Qc2 Nc6 5. Nf3 O-O 6. Bg5 h6 7. Bh4 g5 8. Bg3
g4 9. Ng1 Nxd4 10. Qd3 Nf5 11. e4 Nxg3 12. hxg3 Kg7 13. e5 Ng8 14. Rh4 Qg5
1/2-1/2